| 000 | 00584nam a2200193 i 4500 | ||
|---|---|---|---|
| 001 | 150516 | ||
| 003 | ES-MaACL | ||
| 007 | t| | ||
| 008 | 071031s1961 mx ||||1| spa d | ||
| 100 | 1 |
_aValdés, Octaviano. _9112515 |
|
| 245 | 1 | 3 |
_aEl padre Tembleque / _cOctaviano Valdés. |
| 250 | _a2ª ed. | ||
| 260 |
_aMéxico : _bEd. Jus, _c1961. |
||
| 300 |
_a188 p. : _bil. ; _c24 cm. |
||
| 490 | 1 | _aFiguras y Episodios de la Historia de México | |
| 830 | 0 |
_aFiguras y Episodios de la Historia de México _9181876 |
|
| 852 |
_aES-MaACL _jE-9903 _bR.94196 |
||
| 999 |
_c150516 _d150516 |
||